banner koha

Meta-analysis of meat quality of cattle slaughtered with different subcutaneous fat thicknesses (Registro n. 300113)

MARC details
000 -LÍDER
fixed length control field 04154nab a2200361 i 4500
003 - CÓDIGO MARC DA AGÊNCIA CATALOGADORA
Campo de controle BR-BrBNA
005 - DATA E HORA DA ÚLTIMA ATUALIZAÇÃO
Campo de controle 20240618130655.0
008 - CAMPO DE TAMANHO FIXO
fixed length control field 240618b2023 bl.ar|pooa||| 00| 0 eng |
040 ## - FONTE DA CATALOGAÇÃO
Agência catalogadora BR-BrBNA
Idioma da catalogação eng
072 ## - CATEGORIA AGRIS
Código AGRIS L01
Código do objeto 5213
072 ## - CATEGORIA AGRIS
Código do objeto 9702
100 ## - ENTRADA PRINCIPAL - NOME PESSOAL
Nome pessoal Pacheco, Rangel Fernandes
100 ## - ENTRADA PRINCIPAL - NOME PESSOAL
Nome pessoal Machado, Diego Soares
100 ## - ENTRADA PRINCIPAL - NOME PESSOAL
Nome pessoal Restle, João
100 ## - ENTRADA PRINCIPAL - NOME PESSOAL
Nome pessoal Sartori, Dayana Bernardi Sarzi
100 ## - ENTRADA PRINCIPAL - NOME PESSOAL
Nome pessoal Costa, Pablo Tavares
100 ## - ENTRADA PRINCIPAL - NOME PESSOAL
Nome pessoal Vaz, Ricardo Zambarda
245 ## - TÍTULO PRINCIPAL
Título principal Meta-analysis of meat quality of cattle slaughtered with different subcutaneous fat thicknesses
500 ## - NOTA GERAL
Nota geral Publicação on-line; 37 ref.; 4 illus.; Summaries (En, Pt)
942 ## - ADDED ENTRY ELEMENTS (KOHA)
Koha item type
520 ## - NOTA DE RESUMO
Nota de conteúdo <br/><br/>Abstract – The objective of this work was to evaluate, through metaanalysis, the impact of subcutaneous fat thickness on beef qualitative traits. Combined data from 13 studies were used, comprising 245 carcasses of male bovines slaughtered in Brazil. Effect size for all parameters was calculated as mean difference or standardized mean difference, at 95% probability. The meta-analysis of random and fixed effects was carried out when I2>50% and I2<50%, respectively, for each indicator separately, with means for fat thickness, classified in the “control” (3–6 mm), “low” (<3 mm), and “high” (>6 mm) groups. Carcasses in the “high” group showed greater intramuscular fat deposition, whereas those in the “low” group presented an intramuscular fat deposition similar to that of the control. When the fat thickness was below the recommended threshold of 3 mm, shear force increased. Subcutaneous fat thickness values greater than 6 mm induced a positive change in the perception of tenderness by the panel of evaluators. Beef carcasses with a subcutaneous fat thickness over 6 mm tend to accumulate more intramuscular fat content and are tenderer for consumers’ acceptance. Carcasses with a fat thickness less than 3 mm produce tougher meat. <br/><br/><br/>Index terms: beef cattle, carcass fat, intramuscular fat, shear force, tenderness
520 ## - NOTA DE RESUMO
Nota de conteúdo <br/><br/>Resumo – O objetivo deste trabalho foi avaliar, por meio de meta-análise, o impacto da espessura de gordura subcutânea nas características qualitativas de carne bovina. Foram utilizados dados combinados de 13 estudos, compreendendo 245 carcaças de bovinos machos abatidos no Brasil. O tamanho do efeito para todos os parâmetros foi calculado como diferença média ou diferença média padronizada, a 95% de probabilidade. A meta-análise de efeitos aleatórios e fixos foi realizada quando I2>50% e I2<50%, respectivamente, para cada indicador separadamente, com as médias para espessura de gordura classificadas nos grupos “controle” (3–6 mm), “baixo” (<3 mm) e “alto” (>6 mm). As carcaças do grupo “alto” apresentaram maior deposição de gordura intramuscular, enquanto as do grupo “baixo” apresentaram deposição de gordura intramuscular semelhante à do controle. Quando a espessura da gordura estava abaixo do limite recomendado de 3 mm, a força de cisalhamento aumentou. Valores de espessura de gordura subcutânea maiores que 6 mm induziram mudança positiva na percepção de maciez pelo painel de avaliadores. As carcaças bovinas com espessura de gordura subcutânea superior a 6 mm tendem a acumular maior teor de gordura intramuscular e são mais macias para aceitação do consumidor. As carcaças com espessura de gordura inferior a 3 mm produzem carne mais dura.<br/><br/><br/>Termos para indexação: bovinos de corte, gordura da carcaça, gordura intramuscular, força de cisalhamento, maciez.
650 ## - ASSUNTO - THESAGRO
Cabeçalho tópico ou nome geográfico GADO DE CORTE
650 ## - ASSUNTO - THESAGRO
Cabeçalho tópico ou nome geográfico CARCAÇA
650 ## - ASSUNTO - THESAGRO
Cabeçalho tópico ou nome geográfico QUALIDADE
650 ## - ASSUNTO - THESAGRO
Cabeçalho tópico ou nome geográfico GORDURA
650 ## - ASSUNTO - THESAGRO
Cabeçalho tópico ou nome geográfico ANATOMIA ANIMAL
650 ## - ASSUNTO - THESAGRO
Cabeçalho tópico ou nome geográfico MACIEZ
650 ## - ASSUNTO - THESAGRO
Cabeçalho tópico ou nome geográfico CONSUMIDOR
773 0# - ENTRADA ANALÍTICA
Host Biblionumber 920
Registro do item 25804
Imprenta Brasília-DF Empresa Brasileira de Pesquisa Agropecuária - EMBRAPA 1966-
Outro identificador 2023-436359
Título Pesquisa Agropecuária Brasileira (Brazil)
ISSN 0100-204X
Colação v. 58 p. 1-9; (2023)
Número de controle de registro BR2024001161
856 ## - ACESSO E ENDEREÇO ELETRÔNICO
Identificador uniforme de recurso - URI https://www.scielo.br/j/pab/a/CKjLQgKZFJ5xJXmknXx4fxK/?format=pdf&lang=en

Nenhum exemplar disponível.

BINAGRI

Telefone: (61)3218-2567/2388/3357/2097 - binagri@agro.gov.br

Ministério da Agricultura e Pecuária , Esplanada dos Ministérios, Bloco D, Anexo B, Brasília/DF, CEP: 70.043-900